00849nam a2200229 u 450000100100000000500170001000800410002704100090006804300120007708200250008910000380011424501120015226000480026430000300031249000380034250000360038060000720041665000370048865000330052570000330055870000280059100005545720200120223111.0130605s1968 ck gr 000 0 spa d a/spa as-ck---04a866.5bC82e 19682211 aCuervo, Rufino José,d1844-191110aEpistolario de Rufino José Cuervo y Hugo Schuchardt /cedición, introducción y notas de Dieter Bross. aBogotá :bInstituto Caro y Cuervo,c1968. a454 p. :bil., facsíms.0 aArchivo epistolar colombiano ;v2 aIncluye notas al pie del texto.17aCuervo, Rufino José,d1844-1911xCorrespondencia, memorias, etc..14aCartas colombianas.vColecciones24aCartas alemanasvColecciones1 aSchuchard, Hugo,d1842-1927.1 aBross, Dieter,eeditor.